000 00580nam a2200169 a 4500
001 000021205
005 20200930011249.0
008 100902s2006 dr c 000 0 spa d
040 _aDO-SdBNP
_bspa
_cBNPHU
082 _axxx
_bP328m
100 1 _aPaulino Polanco, José del Carmen
_944328
245 1 0 _aMemorias y vivencias de un militar constitucionalista /
_cJosé del Carmen Paulino Polanco.
260 _aSan Pedro de Macorís :
_bImpresos de León,
_c2006.
300 _a152 p. :
_bretrs. ;
_c22 cm.
500 _aIncluye datos biográficos del autor [151 p.]
049 _aBNPD
999 _c20706
_d20706